LEADER 00864nam0-2200301---450- 001 990010038810403321 005 20160211094738.0 010 $a978-88-13-34145-9 035 $a001003881 035 $aFED01001003881 035 $a(Aleph)001003881FED01 035 $a001003881 100 $a20160211d2014----km-y0itay50------ba 101 0 $aita 102 $aIT 105 $ay-------001yy 200 1 $aNegozi successori e trasmissione dell'impresa$fSilvio Pietro Cerri 210 $a[Assago]$cWolters Kluwer Italia$a[Padova]$cCEDAM$d2014 215 $aIX, 292 p.$d24 cm 225 1 $a<>monografie di Contratto e impresa$v161 676 $a346.45065$v22$zita 700 1$aCerri,$bSilvio Pietro 801 0$aIT$bUNINA$gRICA$2UNIMARC 901 $aBK 912 $a990010038810403321 952 $a13 BA 563$bCP 136$fDDCP 959 $aDDCP 997 $aUNINA LEADER 01380nam 2200373 n 450 001 996385631903316 005 20221108090141.0 035 $a(CKB)1000000000610983 035 $a(EEBO)2240904250 035 $a(UnM)99840176 035 $a(EXLCZ)991000000000610983 100 $a19910201d1626 uy | 101 0 $aeng 135 $aurbn||||a|bb| 200 10$aApophthegmes nevv and old. Collected by the Right Honourable, Francis Lo. Verulam, Viscount St. Alban$b[electronic resource] 210 $aLondon $cPrinted [by J. Haviland] for Hanna Barret, and Richard Whittaker, and are to be sold at the Kings head in Pauls Chuch-yard$d1626 215 $a[4], 307, [1] p 300 $aPrinter's name from STC. 300 $aThe first leaf is blank. 300 $aReproduction of the original in the Henry E. Huntington Library and Art Gallery. 330 $aeebo-0113 606 $aAnecdotes$vEarly works to 1800 606 $aAphorisms and apothegms$vEarly works to 1800 615 0$aAnecdotes 615 0$aAphorisms and apothegms 700 $aBacon$b Francis$f1561-1626.$0159133 801 0$bCu-RivES 801 1$bCu-RivES 801 2$bCStRLIN 801 2$bWaOLN 906 $aBOOK 912 $a996385631903316 996 $aApophthegmes nevv and old. Collected by the Right Honourable, Francis Lo. Verulam, Viscount St. Alban$92353861 997 $aUNISA